000 00431nam a22001337a 4500
003 SGT
020 _a8186326002264
082 _a200
_bD08K
100 _aकोठरी, गुलाब
245 _aधर्म : पुरुषार्थ चतुष्टय, धर्म अर्थ काम
260 _bराजस्थान पत्रिका प्रकाशन
_c2008
300 _a76
942 _2ddc
_cBK
999 _c31789
_d31789